MDQL
is popping MORE tags! Check the
thread
!
Quizzes
Events
Quiz Creation
Community
Videos
Private Events
Remove Ads
Sign In
Join for FREE
Feedback
Dark Mode
Quiz Categories
Sports
Geography
Music
Movies
Television
Just For Fun
Miscellaneous
History
Literature
Language
Science
Gaming
Entertainment
Religion
Holiday
For Kids
Quiz Lab
Recent
Popular Today
Quiz Kudos Today
Editor Picks
Curator Picks
Quizzes by...
Day
Popularity
Type
Ratings
Length
Year
Community
Subscriptions
Recent Discussions
Orange Saloon
Badges
Playlists
Quests
Create
Leaderboards
Showdown
Live 5
Trivia Bingo
Activity
Puzzle Library
Sporcle Events
Private Events
Virtual Trivia
Globe League
Become a Host
Pub Owners
SporcleCon
Opinionation
Our Games
Videos
Blog
Mobile Apps
Partnerships
Remove Ads and Go Orange
Feedback
Music
Pop Music
The Beatles
Song
Album
Lyrics
Bands
Singers
Artist
Clip
Rock
Rap
Classical
Billboard
Country Music
Kpop
Taylor Swift
Music
Pop Music
The Beatles
Song
Album
Lyrics
Bands
Singers
Artist
Clip
Rock
Rap
Classical
Billboard
Country Music
Kpop
Taylor Swift
Random Quiz
Search Sporcle
×
Quiz Lab
Quiz Lab
Music
Clip
Type in answers that appear in a list
Type in answers that appear in a list
Classic
Best Score? Go Orange.
Jelly22's Music Moments (clips) Stats
Can you name the songs and artists in the given clips (see first comment)?
By
jelly22
20m
42 Questions
175 Plays
175 Plays
175 Plays
Comments
Comments
Give Quiz Kudos
Give Quiz Kudos
-
- Ratings
hide this ad
Replay
Link that replays current quiz
Next Quiz
Link to next quiz in quiz playlist
You Got
0%
They Got
Avg Score
46%
Avg Friend Score
Upgrade to see
Score Distribution
Jump to the score distribution portion of the page
Score
0/42
Timer
20:00
0
Plays Today
Hint
Answer
% Correct
Guitar Hero Songs (Song)
Welcome to the Jungle (Guns n Roses)
92.6%
Most Hated Songs (Song)
Come on Eileen (Dexy's Midnight Runners)
90.3%
Childhood Memories (Song)
My Sharona (The Knack)
88%
Most Hated Songs (Song)
Roxanne (The Police)
87.4%
Most Hated Songs (Song)
Last Christmas (Wham!)
85.7%
Most Hated Songs (Song)
Jessie's Girl (Rick Springfield)
81.7%
Childhood Memories (Song)
Pretty Fly (For a White Guy) (The Offspring)
77.7%
Top Bands Pre 1988 (Artist)
Creedence Clearwater Revival (Down on the Corner)
74.9%
Top Bands Pre 1988 (Artist)
Led Zeppelin (Ramble On)
72.6%
Top Bands Pre 1988 (Artist)
The Who (I Can See For Miles)
70.9%
Guitar Hero Songs (Song)
Carry on Wayward Son (Kansas)
69.7%
Childhood Memories (Song)
1979 (The Smashing Pumpkins)
69.1%
Top Bands Pre 1988 (Artist)
The Doors (The End)
68%
Top Punk Bands (Artist)
Dropkick Murphys (I'm Shipping Up To Boston)
65.7%
Most Hated Songs (Song)
Surrender (Cheap Trick)
62.9%
Guitar Hero Songs (Song)
Hot for Teacher (Van Halen)
61.7%
Guitar Hero Songs (Song)
La Grange (ZZ Top)
60.6%
Most Hated Songs (Song)
Rude Boy (Rihanna)
52%
Guitar Hero Songs (Song)
Knights of Cydonia (Muse)
51.4%
TV Show Themes (TV Show)
Adventure Time
48%
Top Bands Pre 1988 (Artist)
Cream (Tales of Brave Ulysses)
46.3%
Hint
Answer
% Correct
Top Bands Pre 1988 (Artist)
The Kinks (Wonderboy)
41.1%
TV Show Themes (TV Show)
It's Always Sunny in Philadelphia
41.1%
Childhood Memories (Song)
I Alone (Live)
41.1%
Childhood Memories (Song)
Say You'll Be There (Spice Girls)
40%
Top Punk Bands (Artist)
Rancid (Time Bomb)
38.9%
TV Show Themes (TV Show)
American Horror Story
30.9%
Top Bands Pre 1988 (Artist)
The Animals (It's My Life)
28.6%
Top Punk Bands (Artist)
NOFX (Linoleum)
28%
Guitar Hero Songs (Song)
YYZ (Rush)
22.9%
TV Show Themes (TV Show)
Metalocalypse
21.1%
TV Show Themes (TV Show)
Aqua Teen Hunger Force
20.6%
Childhood Memories (Song)
Plateau (Nirvana)
20%
Top Punk Bands (Artist)
Pennywise (Bro Hymn)
18.9%
Top Punk Bands (Artist)
Millencolin (No Cigar)
17.1%
Most Hated Songs (Song)
Figured You Out (Nickelback)
13.7%
Childhood Memories (Song)
Prisoner of Society (The Living End)
13.1%
Guitar Hero Songs (Song)
Hangar 18 (Megadeth)
12.6%
Top Punk Bands (Artist)
The Vandals (My Girlfriend's Dead)
10.9%
TV Show Themes (TV Show)
Invader Zim
9.1%
TV Show Themes (TV Show)
Raw is War
9.1%
Top Punk Bands (Artist)
Guttermouth (I'm Destroying the World)
6.3%
Quiz Playlist
Details
Report
Send in Message
Add To Playlist
Classic:
Type in answers that appear in a list
Last Updated: Feb 16, 2017
Quiz Scoreboard
CHALLENGE
Sign Up to Join the Scoreboard
Show All
Scores
Hide
Comments
May contain spoilers
Recently Published
Colored Red Africa Blitz
by spor1
Geography
30s
Find the 'City' Movie
by crazypaving
Movies
60s
5x2 Blitz: Bands
by SL_Kpop136
Music
30s
More to Explore
Quiz From the Vault
Featured Blog Post
14 Easter Pick-up Lines to Find Eggs With
hide this ad
You Might Also Like...
Tags
Clip Quiz
Rock Quiz
Audio Quiz
Music Clip
punk
Punk Bands
Rock Tracks
Sound Clips
TV Theme
Today's Top Quizzes in Music
Browse Music
hide this ad
Today's Top Quizzes in Clip
Browse Clip
Top Contributed Quizzes in Music
1
5X2 Blitz: Bands II
2
Taylor Swift Logic Puzzle II
3
Taylor Swift All Songs (2024)
4
5X2 Blitz: The Beatles
5
5X2 Blitz: Billboard
6
5X2 Blitz: Singers
7
5X2 Blitz: Album
8
5X2 Blitz: Rock
9
Music Artist by Three 2010s hits
10
5X2 Blitz: Billboard II
Explore More
Trending Topics
Anime
Harry Potter
Disney
NBA
Kpop
Crossword
Marvel
Pokémon
The Office
Song
Puzzle
NFL
Country
WWE
Soccer
hide this ad
More By:
jelly22
Quiz
Plays
Rating
Category
Featured
Created
Song Titles in Opening Lyrics
45,012
4.72
Music
Jul 2, 2015
Isn't the next line the title 2? (clips)
3,137
4.85
Music
Dec 6, 2016
Isn't the next line the title 3? (clips)
2,461
4.96
Music
Feb 25, 2017
Isn't the next line the title? (clips)
1,816
4.36
Music
May 24, 2016
Isn't the next line the title 4? (clips)
1,483
5.00
Music
Mar 11, 2017
Go to Creator's Profile
Score Distribution
Quiz Creator Spotlight
jelly22
Follow
Send a Message
Quizzes Created
-
Created Quiz Play Count
-
More By This Creator
Popular Quizzes Today
1
Find the 'City' Movie
2
5x2 Blitz: Bands
3
Colored Red Africa Blitz
4
Find the US States - No Outlines Minefield
5
The Countries of the World
6
Find the US States
7
9x9 Crossword: Cartoon Network
8
US States
More Music Quizzes
More Mouthwatering Musicians
Published
Trending Quizzes
Colored Red Europe Blitz I
Colored Red Africa Blitz II
Colored Red Africa Blitz III
Colored Red Europe Blitz III
Colored Red Europe Blitz II
Recently Updated
Champions League XIs: Real Madrid
pecheneg
Largest US Cities 1790-2010
pecheneg
Rides in Walt Disney World
pecheneg
Most Oscar Losses (Acting)
pecheneg
Beyoncé Albums
pecheneg
Leaping Animals
pecheneg
Reality TV Shows (A-Z)
bhenderson79
Rickey Henderson's Hall of Fame Teammates
pecheneg
Champions League XIs: Arsenal
pecheneg
Quick Pick: Celebrities in WWE's Hall of Fame
aduchscher
Trending Topics
Disney
Marvel
Anime
NBA
Kpop
Harry Potter
Crossword
Pokémon
Country
WWE
Soccer
Song
The Office
NFL
Puzzle
Your Account Isn't Verified!
In order to create a playlist on Sporcle, you need to verify the email address you used during registration. Go to your
Sporcle Settings
to finish the process.
Report this User
Report this user for behavior that violates our
Community Guidelines
.
Details:
Send Report
Go to the Sporcle.com Mobile Site →
Comments